Central Library OPAC University of Rajshahi

The archaicon (Record no. 50266)

MARC details
000 -LEADER
fixed length control field 00697nam a2200229 a 4500
001 - CONTROL NUMBER
control field 50266
003 - CONTROL NUMBER IDENTIFIER
rucl marc code BD-RjUL
005 - DATE AND TIME OF LATEST TRANSACTION
control field 20211209075501.0
008 - FIXED-LENGTH DATA ELEMENTS--GENERAL INFORMATION
fixed length control field 160824s1974 nju||||| |||| 00| 0 eng d
020 ## - INTERNATIONAL STANDARD BOOK NUMBER
International Standard Book Number 0810806835
035 ## - SYSTEM CONTROL NUMBER
System control number (BD-RjUL) 50386
040 ## - CATALOGING SOURCE
Original cataloging agency BD-RjUL
Language of cataloging eng
Transcribing agency BD-RjUL
Modifying agency BD-RjUL
041 ## - LANGUAGE CODE
Language code of text/sound track or separate title eng
082 ## - DEWEY DECIMAL CLASSIFICATION NUMBER
Edition number 23
Classification number 427.09
Author mark and year BAA 1974
100 ## - MAIN ENTRY--PERSONAL NAME
Personal name Barlough, Ernest J.
9 (RLIN) 150654
245 ## - TITLE STATEMENT
Title The archaicon
Remainder of title : a collection of unusual, archaic English /
Statement of responsibility, etc. Jeffrey E Barlough
260 ## - PUBLICATION, DISTRIBUTION, ETC. (IMPRINT)
Place of publication, distribution, etc. Metuchen, N.J. :
Name of publisher, distributor, etc. Scarecrow Press,
Date of publication, distribution, etc. 1974.
300 ## - PHYSICAL DESCRIPTION
Pagination viii,312p. ;
Size 23cm.
504 ## - BIBLIOGRAPHY, ETC. NOTE
Bibliography, etc Includes Bibliography
650 ## - SUBJECT ADDED ENTRY--TOPICAL TERM
Topical term or geographic name as entry element English language
Form subdivision Obsolete words.
9 (RLIN) 150655
942 ## - ADDED ENTRY ELEMENTS (KOHA)
Source of classification or shelving scheme Dewey Decimal Classification
Koha item type Books
Holdings
Lost status Source of classification or shelving scheme Damaged status Not for loan Collection code Permanent Location Current Location Shelving location Date acquired Source of acquisition Cost, normal purchase price Total Checkouts Full call number Date last seen Copy number Koha item type
  Dewey Decimal Classification     Non-fiction Central Library, University of Rajshahi Central Library, University of Rajshahi Electronic Books 02/07/1980 Scholar book shelf 4.95   427.09 BAA 1974 24/08/2016 C-2 Books